Complete a Letra de Epitáfio - Titãs - Statistics

Estatísticas Gerais
  • Esse quiz foi jogado 288 vezes
  • A pontuação média é 31 de 38
Estatísticas das Respostas
Letra % Correto
Ter visto o {Sol} se pôr
97%
Devia ter complicado {menos}
91%
Devia ter me importado {menos}
91%
O acaso vai me {proteger}
91%
O acaso vai me {proteger}
91%
O acaso vai me {proteger}
91%
O acaso vai me {proteger}
91%
O acaso vai me {proteger}
91%
Trabalhado {menos}
91%
Trabalhado {menos}
91%
Enquanto eu {andar}...
88%
Enquanto eu {andar}...
88%
Enquanto eu {andar}...
88%
Enquanto eu {andar} distraído
88%
Enquanto eu {andar} distraído
88%
Enquanto eu {andar} distraído
88%
A {Vida} como ela é
86%
Ter {chorado} mais
85%
O {acaso} vai me proteger
84%
Ter morrido de {amor}
84%
como elas {são}
83%
no {Coração}
83%
Ter visto o {Sol} {nascer}
83%
Cada um sabe a {alegria}
81%
Com {problemas} pequenos
81%
Devia ter {amado} {mais}
80%
E a {dor} que traz
80%
Ter visto o Sol {se} {pôr}
80%
Queria ter {aceitado}
77%
eu queria {fazer}
75%
As {pessoas}
74%
Ter {feito} o que
74%
A {cada} {um} cabe alegrias
71%
E até {errado} mais
69%
E a {tristeza} que vier
68%
{Queria} ter aceitado
61%
Devia ter {complicado} menos
48%
Devia ter {arriscado} mais
47%
Nenhum quiz correspondente encontrado
Distribuição das Pontuações
Porcentagem de Pessoas com Cada Pontuação
Percentil de Números Respondidos
Sua Pontuação Histórica
Você não jogou esse quiz